Statistiques concernant Capitales des régions de France

Cliquez ici pour prendre le quiz!

Statistiques générales

  • Ce quiz a été pris 50 468 fois
  • Le résultat moyen est 14 sur 18

Réponses sur la Carte

Les réponses sont colorées sur une échelle allant du rouge au vert en fonction du pourcentage des utilisateurs qui les ont devinées à leur premier essai. Vous pouvez retrouver ces pourcentages ci-dessous.
 

Statistiques - réponses

RégionPopulationCapitale% Correct
Île-de-France2 187 526Paris
100%
Provence-Alpes-
Côte d'Azur
863 310Marseille
99%
Nouvelle Aquitaine254 436Bordeaux
98%
Hauts-de-France232 787Lille
97%
Auvergne-
Rhône-Alpes
516 092Lyon
97%
Grand Est280 966Strasbourg
97%
Occitanie479 553Toulouse
95%
Pays de la Loire309 346Nantes
92%
Bretagne216 815Rennes
92%
Corse70 659Ajaccio
90%
Bourgogne-
Franche-Comté
156 920Dijon
81%
Centre-
Val de Loire
116 685Orléans
72%
Normandie110 145Rouen
68%
Réunion147 931Saint-Denis
57%
Martinique80 041Fort-de-France
49%
Guyane61 268Cayenne
43%
Guadeloupe10 058Basse-Terre
27%
Mayotte71 437Mamoudzou
25%

Distribution des résultats

Percentile par nombre de réponses

% des personnes avec chaque résultat

Votre développement - résultats

Vous n’avez pas pris ce quiz